00621 2200217 4500001002100000005001700021008004100038020002200079035002400101082001300125090002000138100001700158245007000175260004100245300003000286504001300316650001400329990002000343990002000363990002000383YOGYA-0311000000051620110329123908.0 ind  a978-979-27-6807-7 0010-031100000000516 a133.3337 a133.3337bDew I aDEWI MARIANA aInspirasi feng shui untuk ruko - rukan & apartemen / Dewi Mariana aJakartabElex Media Komputindoc2008 axiv, 210 hlmbilusc23 cm ahlm. 210 aFeng SHui a50273 - PD/B.10 a50272 - PD/B.10 a50271 - PD/B.10